Moral fundamental

Збережено в:
Бібліографічні деталі
Автор: Boeckle, Franz (Автор)
Формат: Книга
Мова:Іспанська
Опубліковано: Madrid Cristiandad 1980
Редагування:1a. ed
Серія:Academia Cristiana, 6
Предмети:
Теги: Додати тег
Немає тегів, Будьте першим, хто поставить тег для цього запису!

MARC

LEADER 00000cam a2200000 a 4500
001 UCX6986
003 CL-VaPUC
008 930908e19800000SP |||||||||||||||||spa|d
020 |a 8470572678 
082 0 4 |a 241  |b BOC  |2 21 
100 |a Boeckle, Franz  |e author  |9 580951 
245 1 0 |a Moral fundamental 
250 |a 1a. ed 
300 |a 329 p 
942 |c BK 
945 |d 19930908 00:00:00 
260 |a Madrid  |b Cristiandad  |c 1980 
650 0 |a Teología moral   |9 256617 
583 |a last modification  |c 20181130 01:29:07  |k Rodrigo Vera 
490 0 |a Academia Cristiana, 6 
999 |c 226914  |d 226912 
952 |0 0  |1 0  |4 0  |6 241_000000000000000_BOC_1980  |7 0  |8 A  |9 225573  |a BIBTEO  |b BIBTEO  |d 2019-11-15  |i 2942526  |o 241 BOC 1980  |p 2942526  |r 2025-01-17  |w 2019-11-15  |y BK  |k ICR 
952 |0 0  |1 0  |4 0  |6 241_000000000000000_BOC_1980  |7 0  |8 A  |9 225574  |a BIBTEO  |b BIBTEO  |d 2019-11-15  |i 3373487  |o 241 BOC 1980  |p 3373487  |r 2025-01-17  |w 2019-11-15  |y BK  |k ICR 
952 |0 0  |1 0  |4 0  |6 241_000000000000000_BOC_1980  |7 0  |8 A  |9 225575  |a BIBTEO  |b BIBTEO  |d 2019-11-15  |i 3372960  |o 241 BOC 1980  |p 3372960  |r 2025-01-17  |w 2019-11-15  |y BK  |k ICR 
952 |0 0  |1 0  |4 0  |6 241_000000000000000_BOC_1980  |7 0  |8 A  |9 225576  |a BIBTEO  |b BIBTEO  |d 2019-11-15  |i 4448367  |o 241 BOC 1980  |p 4448367  |r 2025-01-17  |w 2019-11-15  |y BK  |k ICR 
952 |0 0  |1 0  |3 erb  |4 0  |6 241_000000000000000_BOC_1980  |7 0  |8 A  |9 225577  |a BIBTEO  |b BIBTEO  |i 5422604  |o 241 BOC 1980  |p 5422604  |r 2025-01-17  |w 2019-11-15  |y BK  |z Catalogado en:20170908  |k ICR 
952 |0 0  |1 0  |3 erb  |4 0  |6 241_000000000000000_BOC_1980  |7 0  |8 A  |9 225578  |a BIBTEO  |b BIBTEO  |e Precht Pizarro, Jorge Enrique  |i 5519403  |o 241 BOC 1980  |p 5519403  |r 2025-01-17  |w 2019-11-15  |y BK  |z Catalogado en:20181130  |k ICR